[Event "HZ Chess Tournament 2013"]
[Site "?"]
[Date "2013.08.06"]
[Round "5"]
[White "Van Gool, Henk"]
[Black "Niewenhuis, Ruud"]
[Result "1/2-1/2"]
[WhiteElo "2152"]
[BlackElo "1941"]
[PlyCount "123"]
[EventDate "2013.??.??"]

1. d4 Nf6 2. Nf3 g6 3. Nbd2 d5 4. e3 Bg7 5. b4 Nbd7 6. Bb2 c6 7. c4 O-O 8. Be2
Re8 9. Qb3 e6 10. O-O dxc4 11. Nxc4 Nb6 12. Nfe5 Nxc4 13. Nxc4 Ne4 14. Rfd1 Qh4
15. g3 Qe7 16. Rac1 Bd7 17. f4 Red8 18. Na5 Be8 19. Bf3 Nd6 20. a4 Rab8 21. Bc3
Nf5 22. Be1 h5 23. Bf2 Kh7 24. Rc2 Bf8 25. Rb2 Qc7 26. e4 Ne7 27. Rc2 b6 28.
Nc4 Rbc8 29. Ne5 Ng8 30. d5 c5 31. Rdc1 f6 32. Nd3 exd5 33. exd5 Qd7 34. bxc5
Qxa4 35. Qxa4 Bxa4 36. Ra2 Bb5 37. Rxa7+ Kh6 38. c6 Bxd3 39. Rd1 Bf5 40. Bxb6
Bd6 41. Kg2 Ra8 42. Rda1 Rxa7 43. Rxa7 Rb8 44. Bd4 Rb4 45. Ba1 Rc4 46. Ra2 g5
47. fxg5+ fxg5 48. h3 g4 49. hxg4 hxg4 50. Be2 Be4+ 51. Kf2 Rc1 52. Bd4 Bxd5
53. Be3+ Kg6 54. Ra5 Rxc6 55. Rxd5 Nf6 56. Rg5+ Kf7 57. Bd3 Rc3 58. Bg6+ Ke7
59. Bf4 Bxf4 60. gxf4 Rf3+ 61. Kg2 Rxf4 62. Bf5 1/2-1/2

[Event "HZ Chess Tournament 2013"]
[Site "?"]
[Date "2013.08.07"]
[Round "6"]
[White "Harikrishna, P."]
[Black "Henrichs, Thomas"]
[Result "1-0"]
[WhiteElo "2696"]
[BlackElo "2458"]
[PlyCount "97"]
[EventDate "2013.??.??"]

1. e4 e5 2. Nf3 Nc6 3. Bb5 Nf6 4. d3 Bc5 5. c3 O-O 6. O-O Re8 7. b4 Bf8 8. Bc4
d6 9. Nbd2 Be6 10. Bxe6 Rxe6 11. Re1 a6 12. a3 d5 13. Bb2 Qd7 14. Qb3 Rd8 15.
Nf1 h6 16. Ng3 b5 17. h3 dxe4 18. dxe4 a5 19. Qc2 Qd3 20. Qxd3 Rxd3 21. Rec1
Ne8 22. Kf1 f6 23. a4 axb4 24. axb5 bxc3 25. Bxc3 Nd8 26. Ra8 Rb6 27. Bd4 Rd6
28. Nf5 Rd7 29. Bxe5 Rxf3 30. gxf3 fxe5 31. b6 g6 32. Nh4 cxb6 33. Nxg6 Bc5 34.
Nxe5 Rd2 35. Nc4 Rxf2+ 36. Ke1 Rxf3 37. Rxd8 Kf8 38. Ra1 Rf4 39. Nd2 Ke7 40.
Rd5 Nd6 41. Rh5 Nf7 42. Ke2 Rf2+ 43. Kd3 Bb4 44. Nb3 Rf3+ 45. Kc4 Bc3 46. Nd4
b5+ 47. Kc5 Rf2 48. Ra7+ Kf6 49. Ra6+ 1-0

[Event "HZ Chess Tournament 2013"]
[Site "?"]
[Date "2013.08.07"]
[Round "6"]
[White "Ernst, Sipke"]
[Black "Krasenkow, Michal"]
[Result "1/2-1/2"]
[WhiteElo "2560"]
[BlackElo "2635"]
[PlyCount "93"]
[EventDate "2013.??.??"]

1. d4 Nf6 2. c4 g6 3. Nc3 d5 4. cxd5 Nxd5 5. e4 Nxc3 6. bxc3 Bg7 7. Nf3 c5 8.
Be3 Qa5 9. Bd2 O-O 10. Be2 Bg4 11. O-O Nd7 12. Qc2 Rac8 13. d5 c4 14. Rfb1 f5
15. Rxb7 Nc5 16. Rxe7 fxe4 17. Nd4 Bxe2 18. Nxe2 Bf6 19. Rxe4 Nxe4 20. Qxe4
Rfe8 21. Qf3 Be5 22. Nf4 Rcd8 23. h3 Bxf4 24. Qxf4 Qxd5 25. Be3 Rd7 26. Rb1 Qd3
27. Rb8 Rxb8 28. Qxb8+ Rd8 29. Qxa7 Qb1+ 30. Kh2 Qb8+ 31. Qxb8 Rxb8 32. Kg3 Ra8
33. Kf4 Ra3 34. Bd4 Rxa2 35. Ke5 g5 36. Kd5 Ra4 37. Ke6 h6 38. g3 Ra1 39. Kd5
Rh1 40. Kxc4 Rxh3 41. Kd5 h5 42. Ke4 h4 43. Kf3 Rh2 44. gxh4 gxh4 45. Be5 Rh1
46. Kg2 Re1 47. Bf6 1/2-1/2

[Event "HZ Chess Tournament 2013"]
[Site "?"]
[Date "2013.08.07"]
[Round "6"]
[White "Landa, Konstantin"]
[Black "Ikonnikov, Vyacheslav"]
[Result "1-0"]
[WhiteElo "2632"]
[BlackElo "2555"]
[PlyCount "65"]
[EventDate "2013.??.??"]

1. e4 c5 2. Nc3 Nc6 3. Nge2 Nd4 4. Nxd4 cxd4 5. Ne2 e5 6. c3 dxc3 7. dxc3 Bc5
8. Ng3 Qf6 9. Be3 Bxe3 10. fxe3 Nh6 11. Qd2 O-O 12. O-O-O d6 13. Bc4 Bg4 14.
Rdf1 Qe7 15. Nf5 Bxf5 16. exf5 Rac8 17. f6 gxf6 18. Bd5 Kh8 19. e4 Ng8 20. Rf5
Rc5 21. Rhf1 Rfc8 22. R1f3 R5c7 23. Rh3 Qf8 24. Rfh5 Qg7 25. Rg3 Qf8 26. Rgh3
Qg7 27. Rg3 Qf8 28. Qf2 h6 29. Qf5 Qe7 30. Qg4 Qf8 31. Qf5 Qe7 32. Rh4 Qd7 33.
Rxh6+ 1-0

[Event "HZ Chess Tournament 2013"]
[Site "?"]
[Date "2013.08.07"]
[Round "6"]
[White "Huschenbeth, Niclas"]
[Black "L'Ami, Erwin"]
[Result "1/2-1/2"]
[WhiteElo "2542"]
[BlackElo "2626"]
[PlyCount "124"]
[EventDate "2013.??.??"]

1. e4 e5 2. Nf3 Nc6 3. d4 exd4 4. Nxd4 Bc5 5. Nxc6 bxc6 6. Bd3 Qh4 7. O-O Nf6
8. Qf3 O-O 9. e5 Ng4 10. Bf4 Bd4 11. Bg3 Nxe5 12. Qf5 d6 13. Bxh4 Bxf5 14. Bxf5
Bxb2 15. Nd2 Bxa1 16. Rxa1 Rab8 17. Bg3 Rfe8 18. f4 Ng6 19. Bd3 Ne7 20. Nb3 c5
21. a3 Nc6 22. Be1 Nd4 23. Nxd4 cxd4 24. Ba5 Re7 25. f5 c5 26. Rf1 f6 27. Bc4+
Kf8 28. c3 dxc3 29. Bxc3 Reb7 30. Ba2 Re7 31. Be6 Rxe6 32. fxe6 Rb3 33. Bd2 Ke7
34. Bc1 d5 35. Re1 g5 36. Kf2 d4 37. g4 Rh3 38. Kg2 Rc3 39. h4 h6 40. h5 a5 41.
Kf2 Rh3 42. Kg2 Rb3 43. Kf2 a4 44. Re2 Rc3 45. Bb2 Rh3 46. Kg2 Rb3 47. Kf2 Rh3
48. Kg2 Rd3 49. Rc2 Kxe6 50. Rxc5 Rd2+ 51. Kf3 Rxb2 52. Ra5 Rb1 53. Ke4 Rf1 54.
Ra6+ Ke7 55. Kxd4 Rf4+ 56. Kd5 Rxg4 57. Ra7+ Kd8 58. Rh7 Rg3 59. Rxh6 Rxa3 60.
Rxf6 Rh3 61. Ra6 a3 62. Ke4 Rxh5 1/2-1/2

[Event "HZ Chess Tournament 2013"]
[Site "?"]
[Date "2013.08.07"]
[Round "6"]
[White "Reinderman, Dimitri"]
[Black "Berkovich, Mark A"]
[Result "1/2-1/2"]
[WhiteElo "2598"]
[BlackElo "2375"]
[PlyCount "65"]
[EventDate "2013.??.??"]

1. Nf3 Nf6 2. c4 e6 3. g3 b6 4. Bg2 Bb7 5. O-O Be7 6. Nc3 O-O 7. d4 Ne4 8. Qc2
Nxc3 9. Qxc3 c5 10. Rd1 Bf6 11. Qc2 Nc6 12. dxc5 bxc5 13. Bf4 Qc8 14. Bd6 Rd8
15. e3 Nb4 16. Qb1 Bc6 17. a3 Na6 18. Rd2 Qb7 19. Qd1 Rac8 20. Qe2 Be4 21. Ne1
Bxg2 22. Nxg2 Nb8 23. Nf4 Nc6 24. Rad1 Ne5 25. e4 g6 26. Ng2 Qb6 27. Ne3 h5 28.
b4 cxb4 29. axb4 Nc6 30. Bc5 Qb7 31. Nc2 Bc3 32. Rd3 Nxb4 33. Bxb4 1/2-1/2

[Event "HZ Chess Tournament 2013"]
[Site "?"]
[Date "2013.08.07"]
[Round "6"]
[White "Afek, Yochanan"]
[Black "Lalith, Babu M.R"]
[Result "0-1"]
[WhiteElo "2315"]
[BlackElo "2576"]
[PlyCount "92"]
[EventDate "2013.??.??"]

1. e4 g6 2. d4 Bg7 3. Nc3 c6 4. Nf3 d6 5. Be3 Nf6 6. Qd2 Bg4 7. Be2 Bxf3 8.
Bxf3 Nbd7 9. g4 Nb6 10. g5 Nfd7 11. Be2 d5 12. e5 e6 13. h4 Nc8 14. h5 Rg8 15.
f4 Ne7 16. Kf2 Nf5 17. Bd3 Bf8 18. Bxf5 exf5 19. Ne2 Be7 20. c4 dxc4 21. hxg6
hxg6 22. Qc2 Nb6 23. Rh7 Qd5 24. a4 a5 25. Rb1 O-O-O 26. b3 Bb4 27. Nc3 Bxc3
28. Qxc3 Rh8 29. bxc4 Nxc4 30. Qb3 b6 31. Rh6 Kc7 32. Rc1 Nxe3 33. Qxe3 Rxh6
34. gxh6 Rh8 35. e6 Rxh6 36. Kg3 Qxe6 37. Re1 Qxe3+ 38. Rxe3 Rh8 39. Re7+ Kc8
40. Rxf7 Rd8 41. Rf6 Kc7 42. Kh4 Rxd4 43. Kg5 b5 44. axb5 cxb5 45. Rxg6 Rd5 46.
Ra6 b4 0-1

[Event "HZ Chess Tournament 2013"]
[Site "?"]
[Date "2013.08.07"]
[Round "6"]
[White "Zhao, Xue"]
[Black "Akshat, Khamparia"]
[Result "1-0"]
[WhiteElo "2562"]
[BlackElo "2354"]
[PlyCount "99"]
[EventDate "2013.??.??"]

1. d4 Nf6 2. c4 g6 3. Nc3 Bg7 4. Nf3 O-O 5. e4 d6 6. Be2 e5 7. O-O Nc6 8. d5
Ne7 9. Nd2 a5 10. a3 Bd7 11. b3 Ne8 12. Rb1 f5 13. b4 axb4 14. axb4 Nf6 15. c5
Bh6 16. Bd3 Bxd2 17. Qxd2 f4 18. Bb2 g5 19. Ra1 Rb8 20. b5 Ng6 21. c6 Bc8 22.
Ra7 b6 23. f3 g4 24. Kf2 Rf7 25. Ke1 Nh5 26. Qf2 Qg5 27. Kd2 Nh4 28. Ne2 Rg7
29. Kc3 g3 30. Qg1 h6 31. Rfa1 Kh7 32. Qh1 gxh2 33. Qxh2 Nxg2 34. Rg1 Nf6 35.
Raa1 h5 36. Raf1 h4 37. Rxg2 Qxg2 38. Qxh4+ Kg8 39. Rg1 Qxg1 40. Nxg1 Kf7 41.
Ne2 Rh7 42. Qf2 Bh3 43. Kc4 Rh5 44. Ba3 Ke7 45. Qe1 Bg2 46. Nxf4 exf4 47. e5
Nxd5 48. exd6+ Kf7 49. Qe4 Rg5 50. Qh7+ 1-0

[Event "HZ Chess Tournament 2013"]
[Site "?"]
[Date "2013.08.07"]
[Round "6"]
[White "Bezemer, Arno"]
[Black "Swapnil, S. Dhopade"]
[Result "1/2-1/2"]
[WhiteElo "2292"]
[BlackElo "2489"]
[PlyCount "31"]
[EventDate "2013.??.??"]

1. e4 c6 2. d4 d5 3. exd5 cxd5 4. c4 Nf6 5. Nc3 Nc6 6. Bg5 dxc4 7. Bxc4 h6 8.
Bh4 Qxd4 9. Qxd4 Nxd4 10. O-O-O e5 11. f4 Bg4 12. Nf3 Bxf3 13. gxf3 Rc8 14. Bf1
Bc5 15. fxe5 Nh5 16. Bh3 1/2-1/2

[Event "HZ Chess Tournament 2013"]
[Site "?"]
[Date "2013.08.07"]
[Round "6"]
[White "Burg, Twan"]
[Black "Mostertman, Milan"]
[Result "1/2-1/2"]
[WhiteElo "2486"]
[BlackElo "2280"]
[PlyCount "79"]
[EventDate "2013.??.??"]

1. e4 c5 2. a3 e6 3. Nf3 Nc6 4. Nc3 d5 5. Bb5 Nge7 6. b4 a6 7. Bxc6+ Nxc6 8.
bxc5 d4 9. Na4 Qa5 10. c3 dxc3 11. O-O Bxc5 12. Nxc5 Qxc5 13. d4 Qc4 14. Be3
O-O 15. Rc1 b5 16. Qe1 b4 17. axb4 c2 18. Qd2 Nxb4 19. Ne1 Bb7 20. Nxc2 Nxc2
21. Rxc2 Qb5 22. Rc5 Qd7 23. f3 Rfc8 24. Qc3 a5 25. Rc1 a4 26. Bf4 Rxc5 27.
dxc5 a3 28. c6 Bxc6 29. Qxc6 Qxc6 30. Rxc6 a2 31. Be5 a1=Q+ 32. Bxa1 Rxa1+ 33.
Kf2 h5 34. Kg3 g6 35. Rc5 Kg7 36. h4 Rh1 37. Rc3 e5 38. Rc5 Kf6 39. Rc6+ Ke7
40. Ra6 1/2-1/2

[Event "HZ Chess Tournament 2013"]
[Site "?"]
[Date "2013.08.07"]
[Round "6"]
[White "Verstraeten, Rein"]
[Black "Harika, Dronavalli"]
[Result "0-1"]
[WhiteElo "2281"]
[BlackElo "2479"]
[PlyCount "40"]
[EventDate "2013.??.??"]

1. d4 e6 2. c4 Bb4+ 3. Nc3 c5 4. a3 Bxc3+ 5. bxc3 Nf6 6. Nf3 d5 7. cxd5 exd5 8.
g3 Ne4 9. Bd2 c4 10. Bg2 Nc6 11. O-O O-O 12. Ne1 Na5 13. Bxe4 dxe4 14. Ng2 Nb3
15. Ra2 Bh3 16. Re1 Bxg2 17. Kxg2 Qd5 18. f3 Rfe8 19. Bf4 Rad8 20. e3 g5 0-1

[Event "HZ Chess Tournament 2013"]
[Site "?"]
[Date "2013.08.07"]
[Round "6"]
[White "Kohlweyer, Bernd"]
[Black "Grochal, Joey"]
[Result "1/2-1/2"]
[WhiteElo "2440"]
[BlackElo "2170"]
[PlyCount "67"]
[EventDate "2013.??.??"]

1. Nf3 Nf6 2. c4 e6 3. g3 d5 4. Bg2 Be7 5. O-O O-O 6. d4 dxc4 7. Ne5 Nc6 8.
Nxc6 bxc6 9. Na3 Bxa3 10. bxa3 Ba6 11. Qd2 Rb8 12. Qa5 Qc8 13. a4 Rd8 14. Ba3
Rxd4 15. Rab1 Rb6 16. Bc5 Rd8 17. Bxb6 cxb6 18. Qc3 Nd5 19. Qc2 c5 20. Rfd1 g6
21. a3 f5 22. e4 Ne7 23. Rxd8+ Qxd8 24. Rd1 Qc7 25. Qd2 Nc6 26. exf5 Nd4 27.
fxg6 hxg6 28. Qg5 Kg7 29. Be4 Qf7 30. Qe5+ Kh7 31. Qh5+ Kg7 32. Qe5+ Kh7 33.
Qh5+ Kg7 34. Qe5+ 1/2-1/2

[Event "HZ Chess Tournament 2013"]
[Site "?"]
[Date "2013.08.07"]
[Round "6"]
[White "Brookes, Christopher"]
[Black "Ducarmon, Quinten"]
[Result "0-1"]
[WhiteElo "2112"]
[BlackElo "2438"]
[PlyCount "90"]
[EventDate "2013.??.??"]

1. e4 c5 2. Nf3 e6 3. b3 a6 4. Bb2 Nc6 5. d4 cxd4 6. Nxd4 Qf6 7. Be2 Bc5 8. c3
Nge7 9. O-O O-O 10. Na3 d5 11. exd5 exd5 12. Nac2 Rd8 13. Qd2 Nf5 14. Rad1 Nh4
15. Nf3 Bf5 16. Nxh4 Qxh4 17. Bf3 Ne5 18. Nd4 Be4 19. Bxe4 dxe4 20. Qe2 Nd3 21.
g3 Qe7 22. Ba1 Re8 23. Nf5 Qg5 24. Ne3 Ne5 25. h4 Qg6 26. c4 Nf3+ 27. Kh1 Bxe3
28. Qxe3 Qg4 29. Kg2 Nxh4+ 30. Kh2 Nf3+ 31. Kg2 Nh4+ 32. Kh2 Nf5 33. Qf4 Qxf4
34. gxf4 Rad8 35. Rfe1 f6 36. Bc3 Rxd1 37. Rxd1 e3 38. fxe3 Rxe3 39. Bb4 Re2+
40. Kg1 h5 41. Rd5 Ng3 42. Rd3 h4 43. Rd2 Kf7 44. a4 Ke6 45. Rd8 Kf5 0-1

[Event "HZ Chess Tournament 2013"]
[Site "?"]
[Date "2013.08.07"]
[Round "6"]
[White "Kuipers, Stefan"]
[Black "Beerdsen, Thomas"]
[Result "1-0"]
[WhiteElo "2437"]
[BlackElo "2071"]
[PlyCount "87"]
[EventDate "2013.??.??"]

1. e4 c5 2. Nc3 a6 3. f4 b5 4. Nf3 Bb7 5. d3 e6 6. g4 b4 7. Ne2 d5 8. e5 Ne7 9.
Ng3 Nbc6 10. Bg2 Qc7 11. a3 bxa3 12. Rxa3 c4 13. d4 Nc8 14. Re3 Nb6 15. O-O Be7
16. f5 O-O-O 17. c3 Kb8 18. fxe6 fxe6 19. Re2 Rdf8 20. Ng5 Nd8 21. Rxf8 Bxf8
22. Qc2 g6 23. h4 Rg8 24. Rf2 Be7 25. Bh3 Nd7 26. Nf3 Nf8 27. Kh2 g5 28. Nxg5
Ng6 29. Nxh7 Nxh4 30. Nf6 Rh8 31. Bg5 Nf7 32. Bxh4 Rxh4 33. Qg6 Nxe5 34. dxe5
Bc5 35. Re2 d4 36. cxd4 Bxd4 37. Qg5 Bg1+ 38. Kxg1 Rxh3 39. Qe3 Qc6 40. Nfe4
Qd7 41. Nd6 Qg7 42. Rf2 Qxg4 43. Rf8+ Bc8 44. Rxc8# 1-0

[Event "HZ Chess Tournament 2013"]
[Site "?"]
[Date "2013.08.07"]
[Round "6"]
[White "Haak, Eelco"]
[Black "Ris, Robert"]
[Result "1/2-1/2"]
[WhiteElo "2056"]
[BlackElo "2424"]
[PlyCount "62"]
[EventDate "2013.??.??"]

1. d4 Nf6 2. c4 b6 3. Nc3 Bb7 4. f3 d5 5. cxd5 Nxd5 6. e4 Nxc3 7. bxc3 g6 8.
Be3 Bg7 9. Qd2 Qd6 10. Nh3 O-O 11. Bc4 Nc6 12. e5 Qa3 13. O-O Na5 14. Be2 c5
15. Bh6 Rac8 16. d5 c4 17. Rad1 Rfd8 18. Bxg7 Kxg7 19. Nf4 Bxd5 20. Nxd5 Qc5+
21. Kh1 e6 22. Qg5 Rxd5 23. Rxd5 Qxd5 24. Rd1 Qb5 25. Qf6+ Kg8 26. h4 h5 27. f4
Qe8 28. Bxh5 gxh5 29. Qg5+ Kf8 30. Qh6+ Ke7 31. Qg5+ Kf8 1/2-1/2

[Event "HZ Chess Tournament 2013"]
[Site "?"]
[Date "2013.08.07"]
[Round "6"]
[White "Gutkind, Kedem"]
[Black "Bosboom, Manuel"]
[Result "0-1"]
[WhiteElo "1969"]
[BlackElo "2396"]
[PlyCount "92"]
[EventDate "2013.??.??"]

1. e4 c5 2. Nf3 d6 3. d4 cxd4 4. Nxd4 Nf6 5. Nc3 a6 6. Be3 h5 7. f3 e6 8. Qd2
Nbd7 9. Nb3 b5 10. Be2 Bb7 11. a4 b4 12. Na2 d5 13. O-O dxe4 14. Nxb4 exf3 15.
Bxf3 Qc7 16. Bxb7 Qxb7 17. Nd3 Rc8 18. Qf2 h4 19. h3 Bd6 20. Bf4 Bxf4 21. Nxf4
g5 22. Nd3 g4 23. Ndc5 Nxc5 24. Qxf6 Rg8 25. Nxc5 Rxc5 26. Rad1 Qe7 27. Qf4 f5
28. hxg4 Rxg4 29. Qh6 Rxc2 30. Qh5+ Qf7 31. Rd8+ Kxd8 32. Rd1+ Ke8 33. Rd8+
Kxd8 34. Qxf7 Rgxg2+ 35. Kh1 Rge2 36. Qf8+ Kd7 37. Qf7+ Kd6 38. Qf8+ Kd5 39.
Qa8+ Kc4 40. Qxa6+ Kb3 41. Qd3+ Kxb2 42. Qd4+ Ka2 43. Qg1 Rb2 44. a5 Rb1 45. a6
Rxg1+ 46. Kxg1 Kb3 0-1

[Event "HZ Chess Tournament 2013"]
[Site "?"]
[Date "2013.08.07"]
[Round "6"]
[White "Zaragatski, Ilja"]
[Black "Lacrosse, Marc"]
[Result "1-0"]
[WhiteElo "2505"]
[BlackElo "2203"]
[PlyCount "43"]
[EventDate "2013.??.??"]

1. c4 e6 2. g3 d5 3. Bg2 Nf6 4. Nf3 Be7 5. O-O O-O 6. b3 c5 7. Bb2 Nc6 8. e3 b6
9. Nc3 Bb7 10. cxd5 Nxd5 11. Nxd5 Qxd5 12. d4 Nb4 13. Nh4 Qd7 14. dxc5 Qxd1 15.
Rfxd1 Bxg2 16. Nxg2 Bxc5 17. a3 Nc2 18. Ra2 Rfd8 19. Rc1 a5 20. h4 Nxe3 21.
fxe3 Rd2 22. Rca1 1-0

[Event "HZ Chess Tournament 2013"]
[Site "?"]
[Date "2013.08.07"]
[Round "6"]
[White "Van Delft, Merijn"]
[Black "Dijkhuis, Tycho"]
[Result "1-0"]
[WhiteElo "2415"]
[BlackElo "2176"]
[PlyCount "85"]
[EventDate "2013.??.??"]

1. c4 Nf6 2. Nf3 g6 3. b4 Bg7 4. Bb2 O-O 5. g3 d6 6. Bg2 e5 7. d3 Nbd7 8. Nbd2
Nh5 9. Rb1 f5 10. O-O Ndf6 11. Qb3 Qe7 12. a4 Bh6 13. e3 Qf7 14. c5 Be6 15. Qa3
f4 16. exf4 Nxf4 17. gxf4 Bxf4 18. cxd6 cxd6 19. Ne4 Nxe4 20. dxe4 g5 21. Bc1
Qh5 22. Bxf4 Rxf4 23. Nd2 Rh4 24. Rfe1 Bh3 25. Qb3+ Kh8 26. Bxh3 Rxh3 27. Qd1
Qh4 28. Nf1 Rf8 29. Rb2 Rhf3 30. Ng3 Qf4 31. Qd2 Rg8 32. Qxd6 Rf8 33. Qd2 Qg4
34. Re3 Rxe3 35. Qxe3 h5 36. Kg2 h4 37. h3 Qd1 38. Qe2 Qc1 39. Nf5 g4 40. Qd2
gxh3+ 41. Kh2 Qf1 42. Qh6+ Kg8 43. Qg7# 1-0

[Event "HZ Chess Tournament 2013"]
[Site "?"]
[Date "2013.08.07"]
[Round "6"]
[White "L'Ami, Alina"]
[Black "Van Der Heide, Auke"]
[Result "0-1"]
[WhiteElo "2358"]
[BlackElo "2163"]
[PlyCount "80"]
[EventDate "2013.??.??"]

1. d4 d5 2. c4 c6 3. Nf3 Nf6 4. Nc3 a6 5. Bg5 dxc4 6. e4 b5 7. e5 Nd5 8. Ne4 f6
9. Bd2 Bf5 10. Ng3 Bg4 11. h3 Bxf3 12. Qxf3 e6 13. Ne4 f5 14. Ng5 Qd7 15. Be2
g6 16. h4 h6 17. Nh3 Bb4 18. Bxb4 Nxb4 19. O-O Nc2 20. Rad1 Nxd4 21. Qe3 c5 22.
Nf4 Kf7 23. Qg3 Rg8 24. Bf3 Nbc6 25. Ne2 Rad8 26. Kh1 Qc7 27. Bxc6 Nxe2 28. Qe3
Qxc6 29. Qxe2 Rd4 30. Qe3 Qd5 31. Rde1 Kg7 32. Qa3 Qb7 33. Qxc5 Rgd8 34. Kg1
R8d5 35. Qb4 Rxh4 36. a4 Rg4 37. f3 Qa7+ 38. Kh2 a5 39. Qc3 Rh4+ 40. Kg3 g5 0-1

[Event "HZ Chess Tournament 2013"]
[Site "?"]
[Date "2013.08.07"]
[Round "6"]
[White "Freeke, Matthieu"]
[Black "Van Osch, Mees"]
[Result "1-0"]
[WhiteElo "2332"]
[BlackElo "2163"]
[PlyCount "75"]
[EventDate "2013.??.??"]

1. d4 Nf6 2. Bg5 Ne4 3. Bf4 g5 4. Bc1 Bg7 5. f3 Nd6 6. e4 c5 7. dxc5 Qa5+ 8.
Bd2 Qxc5 9. Bc3 Bxc3+ 10. Nxc3 Nc6 11. Qd2 O-O 12. O-O-O a5 13. Nd5 f6 14.
Nxe7+ Nxe7 15. Qxd6 Qe3+ 16. Kb1 Ng6 17. Bc4+ Kg7 18. Ne2 a4 19. Ng3 Kh8 20. h4
Qf4 21. hxg5 Qxd6 22. Rxd6 Ne5 23. Bd5 Ra6 24. Rxa6 bxa6 25. f4 Ng4 26. Rh4 Ne3
27. g6 Kg7 28. gxh7 d6 29. f5 Nxg2 30. Nh5+ Kxh7 31. Rh2 Ne3 32. Nxf6+ Kg7 33.
Nh5+ Kh6 34. Nf4+ Kg5 35. Ne6+ Bxe6 36. Bxe6 d5 37. exd5 Nxf5 38. Rf2 1-0

[Event "HZ Chess Tournament 2013"]
[Site "?"]
[Date "2013.08.07"]
[Round "6"]
[White "Verwoert, Jef"]
[Black "Meissner, Felix"]
[Result "0-1"]
[WhiteElo "2011"]
[BlackElo "2295"]
[PlyCount "76"]
[EventDate "2013.??.??"]

1. e4 c5 2. Nc3 a6 3. f4 b5 4. d3 Bb7 5. Nf3 e6 6. g3 d5 7. exd5 exd5 8. Bg2 b4
9. Ne2 Nf6 10. O-O Be7 11. a3 a5 12. axb4 axb4 13. Rxa8 Bxa8 14. h3 O-O 15. f5
Nc6 16. g4 d4 17. Nf4 h6 18. g5 hxg5 19. Nxg5 Ne5 20. Bxa8 Qxa8 21. Qe2 Bd6 22.
Nh5 Ned7 23. Ne4 Be5 24. Nexf6+ Bxf6 25. Qg4 Kh7 26. Nxg7 Qc6 27. Kh2 Bxg7 28.
Qh4+ Kg8 29. f6 Qd6+ 30. Kh1 Nxf6 31. Rg1 Qd5+ 32. Kh2 Qe5+ 33. Kh1 Qh5 34.
Qxh5 Nxh5 35. Rg5 Re8 36. Rxh5 Re1+ 37. Kg2 Rxc1 38. Rxc5 b3 0-1

[Event "HZ Chess Tournament 2013"]
[Site "?"]
[Date "2013.08.07"]
[Round "6"]
[White "Bottema, Martin"]
[Black "Kerigan, Demre"]
[Result "0-1"]
[WhiteElo "2087"]
[BlackElo "2257"]
[PlyCount "112"]
[EventDate "2013.??.??"]

1. d4 g6 2. c4 Bg7 3. e4 d6 4. Nc3 Nf6 5. Nf3 O-O 6. Be2 Nbd7 7. O-O e5 8. Be3
Re8 9. d5 Nh5 10. g3 Bf8 11. Ne1 Ng7 12. Nd3 f5 13. f3 Be7 14. Qd2 Rf8 15. Rac1
Nf6 16. c5 fxe4 17. fxe4 Bh3 18. Rf2 Ng4 19. Bxg4 Bxg4 20. Rxf8+ Qxf8 21. Rf1
Qd8 22. Nf2 Bd7 23. c6 bxc6 24. dxc6 Bxc6 25. Ng4 h5 26. Nh6+ Kh7 27. Nf7 Qd7
28. Bg5 Bf8 29. Be7 Nf5 30. Bxf8 Rxf8 31. Ng5+ Kg7 32. exf5 Rxf5 33. Rxf5 Qxf5
34. h4 d5 35. Qf2 d4 36. Qxf5 gxf5 37. Nd1 Bd5 38. b3 c5 39. Nb2 a5 40. Nc4 a4
41. Nxe5 Bxb3 42. a3 c4 43. Kf2 c3 44. Ke2 Kf6 45. Ngf3 Ke6 46. Nd3 Kd5 47.
Nf4+ Kc5 48. Nd3+ Kc4 49. Nfe5+ Kd5 50. Nd7 Kd6 51. N7e5 Kd5 52. Nd7 Kd6 53.
N7e5 Bd5 54. Ng6 Bc4 55. Ngf4 Kc6 56. Nxh5 c2 0-1

[Event "HZ Chess Tournament 2013"]
[Site "?"]
[Date "2013.08.07"]
[Round "6"]
[White "Kuling, Lody"]
[Black "Rosmuller, Anton"]
[Result "1/2-1/2"]
[WhiteElo "2246"]
[BlackElo "2091"]
[PlyCount "95"]
[EventDate "2013.??.??"]

1. e4 d6 2. d4 Nf6 3. Bd3 e5 4. c3 g6 5. f4 exd4 6. cxd4 Bg7 7. Nf3 O-O 8. O-O
c5 9. dxc5 dxc5 10. e5 Nd5 11. Nc3 Be6 12. Be4 Nxc3 13. bxc3 Nc6 14. Be3 Qa5
15. Qc2 Rac8 16. f5 gxf5 17. Bxf5 Bxf5 18. Qxf5 Ne7 19. Qe4 Qa6 20. Rab1 Rc7
21. Ng5 Qg6 22. Qxg6 hxg6 23. e6 f6 24. Bf4 Rc6 25. Ne4 Rxe6 26. Nxc5 Rc6 27.
Rxb7 Nd5 28. Nb3 Rf7 29. Rb8+ Rf8 30. Rxf8+ Bxf8 31. Bd2 Bd6 32. Rf3 Be5 33.
Rd3 Nb6 34. Rd8+ Kf7 35. Nd4 Rc4 36. Nb5 Ra4 37. Be3 Rxa2 38. Nxa7 Nc4 39. Bc5
Nd2 40. Bd4 Ne4 41. Kf1 Bxh2 42. g4 Bf4 43. Nc6 Ng3+ 44. Ke1 Re2+ 45. Kd1 Rd2+
46. Ke1 Re2+ 47. Kd1 Rd2+ 48. Ke1 1/2-1/2

[Event "HZ Chess Tournament 2013"]
[Site "?"]
[Date "2013.08.07"]
[Round "6"]
[White "Vedder, Richard"]
[Black "Bakels, Anton"]
[Result "1-0"]
[WhiteElo "2238"]
[BlackElo "2022"]
[PlyCount "33"]
[EventDate "2013.??.??"]

1. e4 c5 2. Nf3 d6 3. Nc3 Nf6 4. e5 dxe5 5. Nxe5 a6 6. a4 Qc7 7. d4 e6 8. Be3
Nbd7 9. Nf3 cxd4 10. Qxd4 Bc5 11. Qc4 b5 12. Qf4 e5 13. Qg5 b4 14. Qxg7 Rg8 15.
Nd5 Qc6 16. Nxf6+ Nxf6 17. Qxf7+ 1-0

[Event "HZ Chess Tournament 2013"]
[Site "?"]
[Date "2013.08.07"]
[Round "6"]
[White "De Boer, Robert"]
[Black "Timmermans, Ivo"]
[Result "0-1"]
[WhiteElo "1959"]
[BlackElo "2214"]
[PlyCount "112"]
[EventDate "2013.??.??"]

1. e4 c5 2. c3 Nf6 3. e5 Nd5 4. Nf3 Nc6 5. d4 cxd4 6. cxd4 d6 7. exd6 Qxd6 8.
Nc3 g6 9. Be2 Bg7 10. O-O O-O 11. h3 Rd8 12. Bb5 Bf5 13. Re1 h6 14. Be3 g5 15.
Bd3 Qg6 16. Nxd5 Bxd3 17. Nc3 Nb4 18. Qb3 Nc2 19. Ne5 Bxe5 20. dxe5 Nxa1 21.
Rxa1 Be4 22. Qb4 Bc6 23. Qxe7 Qe6 24. Qxe6 fxe6 25. h4 gxh4 26. Bxh6 Kf7 27. g3
hxg3 28. fxg3 Rh8 29. Bc1 Rh1+ 30. Kf2 Rah8 31. Rb1 Kg6 32. Ke2 R8h2+ 33. Kd3
Kf5 34. Kd4 Rc2 35. Bf4 Rxb1 36. Nxb1 Rxb2 37. Nc3 b6 38. Kd3 b5 39. Ne2 Bd5
40. Nd4+ Kg4 41. Kc3 Rb1 42. a3 a6 43. Nc2 Kf3 44. Kd4 Be4 45. Nb4 a5 46. Na2
b4 47. axb4 Bd5 48. Nc3 Rxb4+ 49. Kd3 Be4+ 50. Kd2 Rb2+ 51. Kd1 Bf5 52. Bd2
Kxg3 53. Kc1 Rb7 54. Ne2+ Kf2 55. Nc3 a4 56. Nxa4 Rb1# 0-1

[Event "HZ Chess Tournament 2013"]
[Site "?"]
[Date "2013.08.07"]
[Round "6"]
[White "Leenhouts, Koen"]
[Black "Stolwijk, Colin"]
[Result "1-0"]
[WhiteElo "2379"]
[BlackElo "2036"]
[PlyCount "67"]
[EventDate "2013.??.??"]

1. d4 Nf6 2. c4 c6 3. Nf3 d5 4. e3 a6 5. Bd3 b5 6. b3 Bg4 7. Nbd2 e6 8. O-O
Nbd7 9. Bb2 Bd6 10. Qc2 bxc4 11. bxc4 Bh5 12. Ne5 Ng4 13. Nxg4 Bxg4 14. f4 f5
15. Qa4 Qb6 16. Bc3 c5 17. Rab1 Qc7 18. h3 Bh5 19. cxd5 exd5 20. Bxf5 Bg6 21.
Bxd7+ Qxd7 22. Qxd7+ Kxd7 23. f5 Bf7 24. Rb7+ Bc7 25. Ba5 Rhc8 26. dxc5 Kc6 27.
Rxc7+ Rxc7 28. Bxc7 Kxc7 29. Rb1 Kc6 30. Nf3 Ra7 31. Rc1 Re7 32. Nd4+ Kc7 33.
Kf2 Bg8 34. Rb1 1-0

[Event "HZ Chess Tournament 2013"]
[Site "?"]
[Date "2013.08.07"]
[Round "6"]
[White "Sekandar, Kambiz"]
[Black "Rijnaarts, Sjef"]
[Result "0-1"]
[WhiteElo "2059"]
[BlackElo "2354"]
[PlyCount "54"]
[EventDate "2013.??.??"]

1. e4 c5 2. c3 d5 3. exd5 Qxd5 4. d4 Nf6 5. Nf3 e6 6. Be3 Be7 7. dxc5 Qxd1+ 8.
Kxd1 O-O 9. Kc2 Nd5 10. b4 a5 11. Bc4 axb4 12. Bxd5 exd5 13. cxb4 Nc6 14. b5
Bf6 15. Nc3 Bf5+ 16. Kd2 d4 17. bxc6 dxc3+ 18. Ke2 bxc6 19. Nd4 Be4 20. a4 Rfb8
21. Rhc1 Rb2+ 22. Ke1 Rb4 23. Ne2 c2 24. Ra2 Bb2 25. Bd2 Raxa4 26. Bxb4 Rxa2
27. Nc3 Ra8 0-1

[Event "HZ Chess Tournament 2013"]
[Site "?"]
[Date "2013.08.07"]
[Round "6"]
[White "Woestenburg, Jochem"]
[Black "De Jong, Migchiel"]
[Result "0-1"]
[WhiteElo "2045"]
[BlackElo "2345"]
[PlyCount "56"]
[EventDate "2013.??.??"]

1. e4 c5 2. Nf3 e6 3. d4 cxd4 4. Nxd4 a6 5. Nc3 b5 6. Bd3 Qb6 7. Nb3 Qc7 8. O-O
Bb7 9. Be3 Nf6 10. Qe2 d6 11. a3 Nbd7 12. f4 Be7 13. Kh1 O-O 14. Bg1 Rac8 15.
Nd4 Nc5 16. Rf3 Rfe8 17. Rh3 g6 18. e5 Nxd3 19. cxd3 Nd5 20. Nxd5 Bxd5 21. f5
exf5 22. Nxf5 Bf8 23. Qd2 dxe5 24. Nh6+ Kh8 25. Rf1 f5 26. Qg5 Qe7 27. Qd2 f4
28. a4 Be6 0-1